Fleetwood Mac - Go Your Own Way lyrics - Statistics

General Stats
  • This quiz has been taken 663 times
  • The average score is 99 of 119
Answer Stats
Lyrics % Correct
you
100%
You
100%
you.
100%
go
99%
Go
99%
I
99%
own
99%
way.
99%
your
99%
can
98%
do.
89%
it
89%
the
89%
to
87%
thing
84%
call
83%
How
83%
day.
82%
Loving
82%
right
82%
me?
80%
me
80%
isn't
79%
lonely
79%
If
76%
my
76%
give
75%
when
75%
another
74%
could,
73%
ever
72%
world.
72%
baby
70%
from
70%
feel?
69%
I'd
69%
take
68%
change
67%
that
66%
won't
65%
up.
63%
everything
57%
things
57%
Tell
52%
why
50%
for
49%
Shacking
49%
all
48%
around.
48%
turned
45%
wanna
44%
Packing
42%
waiting
38%
Open
37%
Everything's
31%
up's
30%
No matching quizzes found
Score Distribution
Percent of People with Each Score
Percentile by Number Answered
Your Score History
You have not taken this quiz